000 00492nam a22001697a 4500
005 20251108171038.0
008 250721s1984 xx 000 0 ara d
082 1 4 _a413.1/ابر
100 1 _aالسامرائي، إبراهيم
245 1 0 _aمن معجم عبد الله بن المقفع /
264 1 _aبيروت :
_bمؤسسة الرسالة،
_c1984.
300 _a248ص
650 1 7 _aاللغة العربية
650 1 7 _aالمعاجم
942 _2ddc
_cBK
999 _c55206
_d55206